| 000 | 01695cam a22003251 4500 | ||
|---|---|---|---|
| 001 | e 26000332 | ||
| 003 | DLC | ||
| 005 | 20260227111217.0 | ||
| 008 | 771129s1917 dcu f000 0 eng c | ||
| 010 | _ae 26000332 | ||
| 035 | _a(OCoLC)3452350 | ||
| 040 |
_aU.S. Office of Education. Library _cDNIE _dOCoLC _dDLC |
||
| 050 | 0 | 0 |
_aL111 _b.A6 subser. |
| 051 |
_aLA226 _b.A26 _c2nd set. |
||
| 051 |
_aLA226 _b.A26 Changes |
||
| 110 | 2 |
_aUnited States. _bOffice of Education. |
|
| 245 | 1 | 0 | _aAccredited higher institutions. |
| 260 |
_aWashington, _bU.S. Govt. Print. Off., _c1917- |
||
| 300 |
_av. _c25 cm. |
||
| 490 | 1 | _aBulletin, 1917, no. 17; 1922, no. 30; 1926, no. 10; 1927, no. 41; 1929, no. 7; 1930, no. 19; 1934, no. 16, etc. | |
| 500 | _aAt head of title, 1917- : Dept. of the interior. Bureau of education. 1929/30- : United States. Dept. of the interior... Office of education... | ||
| 500 | _aBulletin, 1917, by S.P.Capen; 1922, by G.F. Zook; 1926- by Ella B. Ratcliffe. | ||
| 500 | _aSupplemented by: "Changes in the accredited lists of national and regional associations, 1930-[1933] ..." (3 v. ; 24 cm.) Published: [Washington, 1931-1933] (Bulletin, 1930, no. 19. Supplement no. 1-3) At head of title: United States Dept. of the Interior. Office of Education ... Reproduced from type-written copy. Title varies slightly. Call number: LA226.A26 Changes. | ||
| 500 | _aSerial. | ||
| 650 | 0 |
_aUniversities and colleges _zUnited States. |
|
| 700 | 1 |
_aCapen, Samuel Paul, _d1878-1956. |
|
| 700 | 1 |
_aZook, George Frederick, _d1885-1951. |
|
| 700 | 1 |
_aRatcliffe, Ella B. _q(Ella Burgess) |
|
| 810 | 1 |
_aUnited States. _bOffice of Education. _tBulletin 1917 ; _vno. 17, etc. |
|
| 999 |
_c20839 _d20839 |
||